| 000 | 00711nam a22002057a 4500 | ||
|---|---|---|---|
| 999 |
_c1265 _d1265 |
||
| 003 | AR-CdUCM | ||
| 008 | 190226b ||||| |||| 00| 0 spa d | ||
| 040 |
_aMUNICIPALIDAD PROVINCIAL DEL CUSCO _cBIBLIOTECA MUNICIPAL DEL CUSCO |
||
| 082 |
_a340.924 / _bCH57 |
||
| 100 |
_aCalamandrei _94913 |
||
| 245 |
_aChiovenda : _bRecuerdo de juristas / |
||
| 260 |
_aArgentina : _bEdiciones jurÃdicas Europa-América, _c1959. |
||
| 300 |
_a279 paginas ; _c15 cm. |
||
| 505 | _aRecuerdo Piero Camandrei --En memoria de Piero Calamandrei --Chiovenda - Recuerdo de juristas ... | ||
| 650 |
_aBiografia _9437 |
||
| 650 |
_aBiografias _9148 |
||
| 650 |
_aJuristas _94914 |
||
| 942 |
_2ddc _cLIBROS |
||
| 945 |
_arjall _d2019-02-26 |
||